| 000 | 00481nam a2200169Ia 4500 | ||
|---|---|---|---|
| 008 | 130318s9999 xx 000 0 und d | ||
| 020 | _a9780070702103 | ||
| 082 | _a004.22 HWA/A;2 | ||
| 100 | _aHwang, Kai | ||
| 245 | _aAdvanced computer achitecture: Parallelism, scalability and programmability | ||
| 250 | _a2 | ||
| 260 |
_bTata Mc Graw Hill _aNew Delhi _c2011 |
||
| 300 | _a723 | ||
| 650 | _aHARDWARE TECHNOLOGY | ||
| 650 | _aSCALABLE ARCHITECTURE | ||
| 700 | _aJotwani, Naresh | ||
| 999 |
_c2271 _d2271 |
||